Pokemon starting with the letter Z - Statistics

General Stats
  • This quiz has been taken 18 times
  • The average score is 11 of 14
Answer Stats
Hint Answer % Correct
6 Zygarde
100%
1 Zapdos
92%
3 Zigzagoon
92%
1 Zubat
92%
3 Zangoose
75%
5 Zebstrika
75%
5 Zekrom
75%
7 Zeraora
75%
5 Zoroark
75%
5 Zorua
75%
8 Zacian
67%
8 Zamazenta
67%
8 Zarude
58%
5 Zweilous
58%
No matching quizzes found
Score Distribution
Percent of People with Each Score
Percentile by Number Answered
Your Score History
You have not taken this quiz